000 00827nas a2200277 4500
001 BR2013003753
003 BR-BrBNA
005 20231205122323.0
007 ta
008 230509b bl.|||p| |||| 00| 00por d
040 _aBR-BrBNA
_bpor
_cBiblioteca Nacional de Agricultura
041 _a(Pt)
072 _aQ02
100 1 _aNascimento, R.S.
100 1 _aFonseca, A.B.M.
100 1 _aFranco, R.M.
100 1 _aMiranda, Z.B.
245 1 _aLinguiças frescais elaboradas com carne de avestruz: teste de aceitação
650 _aCARNE TRATADA
650 _aPERFORMANCE
650 _aLINGUIÇA
650 _aCOMERCIALIZAÇÃO
773 0 _tHigiene Alimentar (Brazil)
_xISSN 0101-9171
_g(Nov-Dec 2012), v. 26(214-215) p. 69-73
_wBR2013003753
909 _a202311
_bLúcia
_c55
_dLúcia Elande
942 _2AGRIS
_n0
_cANA
999 _c228059
_d228059